000
00204 a2200097 4500
001
4371
100
_a
Davie,A.H
245
_a
Elements of pulse techniques
260
_a
_b
Chapman
_c
090
_c
3569
_d
3569
942
_a
NUST-CAE
_c
M
_c
28546
999
_c
239444
_d
239444